| 000 | 01058cam a2200217 4500 | ||
|---|---|---|---|
| 001 | WB4010-15 | ||
| 008 | 040311n2004 000 0 eng u | ||
| 035 | _a(Sirsi) u125404 | ||
| 245 | _aMeasuring quality in the planning process | ||
| 260 | _c2004 | ||
| 490 |
_aEconomic and Social Research Council Press Release _v9 March 2004, (1) |
||
| 520 | _aResearch report entitled "Measuring quality: best value in planning and urban design" presents an examination of how quality in the planning process can be measured. Concludes that governments can be powerful forces for change, but that reducing quality to measurable factors can actually distort the real contribution of planning in producing sustainable development. http://www.info4local.gov.uk http://www.info4local.gov.uk/searchreport.asp?from page=search&id=19058. | ||
| 590 | _aWB | ||
| 590 | _aWB | ||
| 650 | _aURBAN DESIGN | ||
| 650 | _aMEASURE AND VALUE | ||
| 650 | _aQUALITY BUILDINGS | ||
| 650 | _aSUSTAINABLE DEVELOPMENT | ||
| 690 | _aPLANNING-PRACTICE | ||
| 942 | _n0 | ||
| 999 |
_c117097 _d117097 |
||